Nová Cvernovka: mestský polyfunkčný objekt

Uložené v:
Podrobná bibliografia
Hlavný autor: Vajgel, Erik (Autor)
Ďalší autori: Bacová, Andrea (Vedúci práce)
Médium: Rukopis Kniha
Jazyk:Slovak
Vydavateľské údaje: Bratislava 2016
Predmet:
On-line prístup:http://is.stuba.sk/zp/portal_zp.pl?podrobnosti=122044
Tagy: Pridať tag
Žiadne tagy, Buďte prvý, kto otaguje tento záznam!

MARC

LEADER 00000ntm a22000003a 4500
001 stuzp57139
003 SK-STU
005 20210223102506.8
007 ta
008 150427s2015----xo-----f-mn---000-0-slo-d
040 |a STU  |b slo 
041 0 |a slo 
100 1 |a Vajgel, Erik  |u 051110  |4 aut  |U FAD Fakulta architektúry  |T FA Ústav architektúry obytných budov  |X 43738  |U A1110  |Y 392  |7 A000043738 
242 0 1 |a New Cvernovka: urban multipurpose block  |y eng 
245 1 0 |a Nová Cvernovka: mestský polyfunkčný objekt 
260 |c 2016  |a Bratislava 
650 4 |a Cvernovka  |2 slo 
650 4 |a Polyfunkčný objekt  |2 slo 
650 4 |a Výšková budova  |2 slo 
650 4 |a City skyline  |2 eng 
650 4 |a Cvernovka  |2 eng 
650 4 |a Multipurpose block  |2 eng 
700 1 |a Bacová, Andrea  |u 051110  |k Z1  |4 ths  |U FAD Fakulta architektúry  |T FA Ústav architektúry obytných budov  |X 354  |U A1110  |Y 392  |7 A000000354 
856 4 |u http://is.stuba.sk/zp/portal_zp.pl?podrobnosti=122044  |u https://opac.crzp.sk/?fn=detailBiblioForm&sid=9B1B597C531927316D33095610B0 
SQL |a stuzp57139  |b DDP  |c SLO  |d Nová Cvernovka: mestský polyfunkčný objekt  |e 43738  |f Vajgel, Erik  |g 051110  |h 354  |i Bacová, Andrea  |j 20160602  |k 153  |l 05  |m http://is.stuba.sk/zp/portal_zp.pl?podrobnosti=122044  |n I-ARCH  |o 5.1.1. architektúra a urbanizmus